Súčasný stav a perspektívy vzdelávania v Slovenskej štátnej sporiteľni
Zriadenie Slovenskej sporiteľničnej akadémie 1.12.1992. Zvyšovanie kvalifikácie odborných a riadiacich pracovníkov Slovenskej štátnej sporiteľne. Transformácia poznatkov do praktickej činnosti. Ciele vzdelávania.
Salvato in:
| Autore principale: | |
|---|---|
| Natura: | Capitolo di libro |
| Lingua: | slovacco |
| Soggetti: | |
| Tags: |
Nessun Tag, puoi essere il primo ad aggiungerne!!
|
MARC
| LEADER | 00000naa a2200000 4500 | ||
|---|---|---|---|
| 001 | r017356 | ||
| 005 | 20221213122738.4 | ||
| 041 | 0 | |a slo | |
| 044 | |a SK | ||
| 245 | 1 | 0 | |a Súčasný stav a perspektívy vzdelávania v Slovenskej štátnej sporiteľni |c A. Novotný |
| 520 | |a Zriadenie Slovenskej sporiteľničnej akadémie 1.12.1992. Zvyšovanie kvalifikácie odborných a riadiacich pracovníkov Slovenskej štátnej sporiteľne. Transformácia poznatkov do praktickej činnosti. Ciele vzdelávania. | ||
| 610 | 2 | 0 | |a sporiteľne |
| 610 | 2 | 0 | |a Slovenská štátna sporiteľňa Bratislava |
| 610 | 2 | 0 | |a Slovenská sporiteľničná akadémia |
| 610 | 2 | 0 | |a 1992 |
| 610 | 2 | 0 | |a Slovensko |
| 610 | 2 | 0 | |a vzdelávanie |
| 610 | 2 | 0 | |a vzdelávanie ďalšie |
| 610 | 2 | 0 | |a zvyšovanie kvalifikácie |
| 610 | 2 | 0 | |a pracovníci |
| 100 | 1 | |a Novotný, A. | |